| 000 | 01072nam a2200217Ia 4500 | ||
|---|---|---|---|
| 001 | 19437 | ||
| 003 | GE_BSU | ||
| 008 | 181216s||||||||xx |||||||||||||| ||und|| | ||
| 040 | _cGE_BSU | ||
| 245 | _aიბერიულ-კავკასიური ენათმეცნიერების წელიწდეული: Ежегодник Иберийскიо-Кавказского Языкознания :ANNUAL Of Ibero-Caucasian Linguistics I. | ||
| 245 | _cსარედ. კოლ. ვ. აბაევი., შ. არისთავა., და სხვ. რედ. ა. ჩიქობავა | ||
| 250 | _aსაქრთველოს სსრ მეცნიერებათა აკადემია | ||
| 260 | _aთბილისი | ||
| 260 | _bმეცნიერება | ||
| 260 | _c1974 | ||
| 300 | _a328გვ;26სმ. | ||
| 541 | _h4ლ.60თ. | ||
| 653 | _aენათმეცნიერება | ||
| 653 | _aიბერიულ-კავკასიური წელიწდეული | ||
| 942 | _cBK | ||
| 999 |
_c52416 _d52416 |
||